000 00482nmm a2200157Ia 4500
008 251105s9999||||xx |||||||||||||||||und||
041 _aspa
100 _aSmiley, Jane
245 0 _aLa mejor voluntad
264 _a[Madrid, España] :
_bEditorial Sexto Piso,
_c[Fecha de publicación no identificada]
300 _a0 páginas
490 _aNarrativa Sexto Piso
650 _aNorth American narrative
856 _uhttps://public.digitaliapublishing.com/a/100554
942 _cCF
999 _c100339
_d100339